[Event "414 Stay Safe Play From Home series"]
[Site "Emanuel Lasker Arena"]
[Date "2020.08.27"]
[Round "9"]
[White "Lazieri3"]
[Black "IceQueen"]
[Result "0-1"]
[WhiteElo "2068"]
[BlackElo "2282"]
[PlyCount "86"]
[EventDate "2020.08.27"]
[EventType "swiss (blitz)"]

1. e4 {[%emt 0:00:01]} c5 {[%emt 0:00:00]} 2. Nc3 {[%emt 0:00:00]} Nc6 {[%emt 0:00:00]} 3. d3 {[%emt 0:00:00]} e6 {[%emt 0:00:00]} 4. Nf3 {[%emt 0:00:00]} d5 {[%emt 0:00:01]} 5. Bg5 {[%emt 0:00:00]} Be7 {[%emt 0:00:01]} 6. Bxe7 {[%emt 0:00:01]} Ngxe7 {[%emt 0:00:00]} 7. exd5 {[%emt 0:00:00]} exd5 {[%emt 0:00:00]} 8. d4 {[%emt 0:00:01]} O-O {[%emt 0:00:00]} 9. dxc5 {[%emt 0:00:01]} d4 {[%emt 0:00:00]} 10. Ne4 {[%emt 0:00:01]} Bf5 {[%emt 0:00:02]} 11. Bd3 {[%emt 0:00:01]} Bxe4 {[%emt 0:00:02]} 12. Bxe4 {[%emt 0:00:00]} Qa5+ {[%emt 0:00:00]} 13. Qd2 {[%emt 0:00:02]} Qxc5 {[%emt 0:00:01]} 14. Bxc6 {[%emt 0:00:01]} Nxc6 {[%emt 0:00:02]} 15. O-O {[%emt 0:00:00]} Rad8 {[%emt 0:00:01]} 16. Rfe1 {[%emt 0:00:01]} h6 {[%emt 0:00:01]} 17. a3 {[%emt 0:00:01]} Rd6 {[%emt 0:00:01]} 18. Rad1 {[%emt 0:00:03]} Rfd8 {[%emt 0:00:01]} 19. h3 {[%emt 0:00:02]} Qd5 {[%emt 0:00:01]} 20. Qd3 {[%emt 0:00:04]} Rg6 {[%emt 0:00:01]} 21. Qe4 {[%emt 0:00:02]} Qc5 {[%emt 0:00:02]} 22. c3 {[%emt 0:00:05]} Re6 {[%emt 0:00:02]} 23. Qh4 {[%emt 0:00:02]} Rxe1+ {[%emt 0:00:02]} 24. Nxe1 {[%emt 0:00:02]} Qe5 {[%emt 0:00:14]} 25. cxd4 {[%emt 0:00:02]} Rxd4 {[%emt 0:00:00]} 26. Rxd4 {[%emt 0:00:02]} Qxe1+ {[%emt 0:00:01]} 27. Kh2 {[%emt 0:00:03]} Qe5+ {[%emt 0:00:00]} 28. Rf4 {[%emt 0:00:02]} g5 {[%emt 0:00:01]} 29. Qxh6 {[%emt 0:00:01]} Qxf4+ {[%emt 0:00:01]} 30. Kg1 {[%emt 0:00:00]} Qc1+ {[%emt 0:00:01]} 31. Kh2 {[%emt 0:00:01]} Qf4+ {[%emt 0:00:00]} 32. Kg1 {[%emt 0:00:01]} Ne5 {[%emt 0:00:01]} 33. h4 {[%emt 0:00:02]} Qxh4 {[%emt 0:00:02]} 34. Qf6 {[%emt 0:00:04]} Ng4 {[%emt 0:00:03]} 35. Qd8+ {[%emt 0:00:04]} Kh7 {[%emt 0:00:01]} 36. Qd3+ {[%emt 0:00:01]} Kh6 {[%emt 0:00:00]} 37. Qd6+ {[%emt 0:00:01]} f6 {[%emt 0:00:00]} 38. Qf8+ {[%emt 0:00:01]} Kg6 {[%emt 0:00:01]} 39. Qg8+ {[%emt 0:00:00]} Kf5 {[%emt 0:00:02]} 40. Qd5+ {[%emt 0:00:00]} Ne5 {[%emt 0:00:02]} 41. f3 {[%emt 0:00:02]} Qc4 {[%emt 0:00:02]} 42. g4+ {[%emt 0:00:02]} Qxg4+ {[%emt 0:00:04]} 43. fxg4+ {[%emt 0:00:01]} Kxg4 {[%emt 0:00:00] Time Time Time (Lag: Av=0.63s, max=1.2s) (Lag: Av=0.63s, max=1.2s) (Lag: Av=0.63s, max=1.2s)} 0-1

[Event "414 Stay Safe Play From Home series"]
[Site "Emanuel Lasker Arena"]
[Date "2020.08.27"]
[Round "9"]
[White "Stefanone"]
[Black "Eidgenosse"]
[Result "0-1"]
[WhiteElo "2054"]
[BlackElo "2484"]
[PlyCount "46"]
[EventDate "2020.08.27"]
[EventType "swiss (blitz)"]

1. d4 {[%emt 0:00:05]} d6 {[%emt 0:00:00]} 2. e3 {[%emt 0:00:00]} Nf6 {[%emt 0:00:01]} 3. f4 {[%emt 0:00:00]} g6 {[%emt 0:00:00]} 4. Nf3 {[%emt 0:00:00]} Bg7 {[%emt 0:00:00]} 5. Bd3 {[%emt 0:00:00]} O-O {[%emt 0:00:00]} 6. Qe2 {[%emt 0:00:00]} Nbd7 {[%emt 0:00:00]} 7. e4 {[%emt 0:00:00]} c5 {[%emt 0:00:02]} 8. c3 {[%emt 0:00:01]} e5 {[%emt 0:00:01]} 9. fxe5 {[%emt 0:00:02]} dxe5 {[%emt 0:00:01]} 10. d5 {[%emt 0:00:00]} Ne8 {[%emt 0:00:01]} 11. c4 {[%emt 0:00:01]} Nd6 {[%emt 0:00:01]} 12. Nc3 {[%emt 0:00:01]} a6 {[%emt 0:00:01]} 13. O-O {[%emt 0:00:01]} Rb8 {[%emt 0:00:00]} 14. Qf2 {[%emt 0:00:01]} f6 {[%emt 0:00:02]} 15. Qg3 {[%emt 0:00:01]} Qe7 {[%emt 0:00:01]} 16. h4 {[%emt 0:00:01]} Nb6 {[%emt 0:00:01]} 17. b3 {[%emt 0:00:02]} f5 {[%emt 0:00:03]} 18. Ng5 {[%emt 0:00:02]} f4 {[%emt 0:00:02]} 19. Qf2 {[%emt 0:00:01]} Nf7 {[%emt 0:00:04]} 20. g3 {[%emt 0:00:02]} Nxg5 {[%emt 0:00:01]} 21. hxg5 {[%emt 0:00:01]} Qxg5 {[%emt 0:00:01]} 22. Qg2 {[%emt 0:00:00]} Qh5 {[%emt 0:00:05]} 23. gxf4 {[%emt 0:00:02]} Bh3 {[%emt 0:00:01] Stefanone abbandona Stefanone abbandona Stefanone abbandona (Lag: Av=0.31s, max=0.8s) (Lag: Av=0.31s, max=0.8s) (Lag: Av=0.31s, max=0.8s)} 0-1

[Event "414 Stay Safe Play From Home series"]
[Site "Emanuel Lasker Arena"]
[Date "2020.08.27"]
[Round "9"]
[White "TheCHESSHOUSE"]
[Black "NTBT_DHS"]
[Result "0-1"]
[WhiteElo "2040"]
[BlackElo "2546"]
[PlyCount "62"]
[EventDate "2020.08.27"]
[EventType "swiss (blitz)"]

1. d4 {[%emt 0:00:03]} g6 {[%emt 0:00:00]} 2. c4 {[%emt 0:00:01]} Bg7 {[%emt 0:00:00]} 3. Nc3 {[%emt 0:00:01]} Nf6 {[%emt 0:00:01]} 4. e4 {[%emt 0:00:01]} O-O {[%emt 0:00:00]} 5. e5 {[%emt 0:00:00]} Ne8 {[%emt 0:00:01]} 6. f4 {[%emt 0:00:00]} d6 {[%emt 0:00:00]} 7. Nf3 {[%emt 0:00:01]} Nd7 {[%emt 0:00:00]} 8. Be2 {[%emt 0:00:01]} c5 {[%emt 0:00:01]} 9. d5 {[%emt 0:00:09]} dxe5 {[%emt 0:00:01]} 10. fxe5 {[%emt 0:00:00]} Nxe5 {[%emt 0:00:00]} 11. O-O {[%emt 0:00:01]} Bf5 {[%emt 0:00:02]} 12. Be3 {[%emt 0:00:01]} b6 {[%emt 0:00:01]} 13. Nh4 {[%emt 0:00:02]} Bd7 {[%emt 0:00:02]} 14. Ne4 {[%emt 0:00:01]} Nd6 {[%emt 0:00:01]} 15. Ng3 {[%emt 0:00:01]} Ndxc4 {[%emt 0:00:01]} 16. Bf4 {[%emt 0:00:03]} Nxb2 {[%emt 0:00:01]} 17. Qb3 {[%emt 0:00:02]} Na4 {[%emt 0:00:05]} 18. Rae1 {[%emt 0:00:08]} Rc8 {[%emt 0:00:02]} 19. Ba6 {[%emt 0:00:09]} c4 {[%emt 0:00:00]} 20. Qb4 {[%emt 0:00:01]} Nd3 {[%emt 0:00:02]} 21. Qd2 {[%emt 0:00:01]} Nxe1 {[%emt 0:00:04]} 22. Rxe1 {[%emt 0:00:00]} Bc3 {[%emt 0:00:02]} 23. Qe3 {[%emt 0:00:03]} Bxe1 {[%emt 0:00:01]} 24. Qxe1 {[%emt 0:00:02]} c3 {[%emt 0:00:01]} 25. Qe5 {[%emt 0:00:03]} c2 {[%emt 0:00:03]} 26. Bc1 {[%emt 0:00:01]} Qc7 {[%emt 0:00:01]} 27. Qd4 {[%emt 0:00:01]} Qc5 {[%emt 0:00:01]} 28. Qxc5 {[%emt 0:00:01]} Rxc5 {[%emt 0:00:00]} 29. Ne4 {[%emt 0:00:00]} Rxd5 {[%emt 0:00:01]} 30. Nxg6 {[%emt 0:00:00]} Rd1+ {[%emt 0:00:01]} 31. Kf2 {[%emt 0:00:01]} hxg6 {[%emt 0:00:00] Time Time Time (Lag: Av=0.78s, max=1.1s) (Lag: Av=0.78s, max=1.1s) (Lag: Av=0.78s, max=1.1s)} 0-1